| 000 | 00824nam a22001937a 4500 | ||
|---|---|---|---|
| 999 |
_c169656 _d169656 |
||
| 005 | 20191128112129.0 | ||
| 010 | _aUR-10634 | ||
| 020 |
_c350.00 _a9788193931028 |
||
| 035 | _aU-9189 | ||
| 037 |
_bDBAD/PUB _a- |
||
| 082 | _a844.08 | ||
| 100 | _aتر تيبب و تد و ين: نو ر ين ا شر ف ،نسر ين | ||
| 245 |
_aجد يد شعر ا ء پنجا ب (تحقيقی و تنقيد ی مضا مين) _cتر تيبب و تد و ين: نو ر ين ا شر ف ،نسر ين |
||
| 246 |
_bJadeed Shora-e-Punjab(Tehqiqi -W-Tanqeedi Mazameen) (Urdu) _aEd.by Naurin Ashraf |
||
| 260 |
_aDelhi _bEducational Publishing House _c2019 ء |
||
| 270 |
_a3191,Vakil Street, Kucha Pandit,Lal Kuan, _bDelhi _e110006 _k01123216162 _l- |
||
| 300 |
_a320 ص _c22 Cm(Hb) |
||
| 942 |
_2ddc _cUR _h844.08 _mج د ی |
||